=LDR 00000nam 2200000 4500 =001 INLIS000000000033663 =005 20130612135614 =008 ***********************************ind** =035 ##$$a0010-061300000033663 =041 ##$$a ind =082 ##$$a 650 =090 ##$$a 650, hic s =100 ##$$a Hicks,Tyler G =245 ##$$a 199 Bisnis rumah sendiri yang menguntungkan anda, Sekaligus dengan modal minimal, oleh Tyler G. Hicks ; ahli bahasa, Robert J. Purba =260 ##$$a 1994 $b Jakarta =300 ##$$a xiv, 332 hlm, ilus, 21 cm =650 ##$$a Bisnis =650 ##$$a Purba, Robert J =850 ##$$a NBPNMAT =990 ##$$a 0001/BPAP-NTB/20142014